000
00286nam a2200121 a 4500
008
101021s1975|||| d
245
1
0
_a
Železné dvierka v stene
100
1
_a
Katajev, Valentin
260
_b
Smena
_a
Bratislava
_c
1975
020
_c
16
041
_a
slo
044
_a
xo
_c
SK
999
_c
11952
_d
11952